000 00801nam a2200229Ia 4500
003 OSt
005 20220923212042.0
006 a|||||r|||| 00| 0
007 ta
008 220922b |||||||| |||| 00| 0 hin d
024 _a150,323
037 _cTextual
040 _aARTS
_cARTS
_bhin
041 _2hin
_ahin
082 _aAw1:N3, 152L2
100 _aप्रिगंल, पैट्रिक
245 0 _aआधुनिक विज्ञान के महान अन्वेषक, अनु प्रकाश एवं सुदर्शन
246 _aĀdhunik vijnyān ke hinān anveṣhaka, anu0 prakāsh evan sudarshana
260 _c1972
942 _hAw1:N3, 152L2
_cTEXL
_2CC
999 _c306003
_d306003